| 000 | 00638nam a22002057a 4500 | ||
|---|---|---|---|
| 999 |
_c8486 _d8486 |
||
| 003 | AR-CdUCM | ||
| 008 | 190325b ||||| |||| 00| 0 spa d | ||
| 040 |
_aMUNICIPALIDAD PROVINCIAL DEL CUSCO _cBIBLIOTECA MUNICIPAL DEL CUSCO |
||
| 082 |
_a320 / _bP21 |
||
| 100 |
_aPalomino Álvarez, Alcides _923801 |
||
| 245 | _aNuestros Políticos de Ayer, de Hoy y Mañana / | ||
| 260 |
_aCusco - Perú : _bDanny's Graff ; _c2009. |
||
| 300 |
_a116 páginas ; _c21cm |
||
| 505 | _aContenido: Política en el Perú | ||
| 650 |
_aPolítica _9291 |
||
| 650 |
_aPerú _935 |
||
| 650 |
_aSector rural _923802 |
||
| 942 |
_2ddc _cLIBROS |
||
| 945 | _anom | ||